Chagall
Guardat en:
| Autor principal: | |
|---|---|
| Format: | Llibre |
| Idioma: | francès |
| Publicat: |
Ginebra
Albert Skira
1956
|
| Col·lecció: | Le Gout de Notre Temps
|
| Matèries: | |
| Etiquetes: |
Afegir etiqueta
Sense etiquetes, Sigues el primer a etiquetar aquest registre!
|
MARC
| LEADER | 00000nam a2200000 a 4500 | ||
|---|---|---|---|
| 001 | UCU8622 | ||
| 003 | CL-VaPUC | ||
| 008 | 960802e19560000sz |||||||||||||||||fre|d | ||
| 082 | 0 | 4 | |a 759.7 |b VEN |2 21 |
| 100 | 0 | |a Venturi, Lionello |e author |9 367921 | |
| 245 | 1 | 0 | |a Chagall |
| 300 | |a 121 p | ||
| 942 | |c BK | ||
| 945 | |d 19960802 00:00:00 |a rbrito | ||
| 260 | |a Ginebra |b Albert Skira |c 1956 | ||
| 600 | 0 | 7 | |a CHAGALL, MARC |2 CL-VaPUC |9 265562 |
| 650 | 0 | |a Pintura francesa |9 266122 | |
| 650 | 0 | |a Pintores franceses |9 340354 | |
| 650 | 0 | |a Crítica e interpretación |9 255042 | |
| 650 | 7 | |a CUADROS |2 CL-VaPUC |9 367922 | |
| 650 | 0 | |a Arte moderno |9 265333 | |
| 650 | 0 | |a Dibujo |9 260181 | |
| 650 | 0 | |a Pintura |9 265046 | |
| 651 | 0 | |a Francia |9 255157 | |
| 490 | 0 | |a Le Gout de Notre Temps | |
| 999 | |c 250896 |d 250894 | ||
| 583 | |k Rodrigo Vera | ||
| 952 | |0 0 |1 0 |4 0 |6 759_700000000000000_VEN_1956 |7 0 |8 F |9 269615 |a BIBARQ |b BIBARQ |d 2019-11-19 |i 3217299 |o 759.7 VEN 1956 |p 3217299 |r 2025-01-20 |w 2019-11-19 |y BK_F |k ARQ | ||